000 00755nam a2200265 i 4500
001 C2-0134574
003 PPAK
005 20180727123751.0
008 971203s1991 vaua|||| ||||| | eng d
020 _a0809477122
040 _aPPAK
_beng
_cPPAK
_erda
082 0 4 _a133.3
_223
090 0 0 _a133.3
_bAWO
_dR
245 0 2 _aA world of luck
250 _aTime-Life Books
264 1 _aAlexandria, Virginia :
_bTime-Life Books ,
_c1991
300 _a143 pages :
_bcolour illustrations ;
_c28 cm
336 _2rdacontent
_atext
337 _2rdamedia
_aunmediated
338 _2rdacarrier
_avolume
490 1 _aLibrary of curios and unusual facts
650 1 0 _aFortune - Anecdotes
830 0 _aLibrary of curios and unusual facts
942 _ddc
_cB
999 _c42401
_d42401